Body and sexuality : (Record no. 7)
[ view plain ]
| 000 -LEADER | |
|---|---|
| fixed length control field | 00689cam a22002294a 4500 |
| 001 - CONTROL NUMBER | |
| control field | 14899913 |
| 005 - DATE AND TIME OF LATEST TRANSACTION | |
| control field | 20241217004357.0 |
| 008 - FIXED-LENGTH DATA ELEMENTS--GENERAL INFORMATION | |
| fixed length control field | 070621s2007 ph b 101 0 eng |
| 020 ## - INTERNATIONAL STANDARD BOOK NUMBER | |
| ISBN | 9789715505161 |
| 040 ## - CATALOGING SOURCE (பட்டியலாக்க மூலம்) | |
| Original cataloging agency | DLC |
| Transcribing agency | DLC |
| Modifying agency | DLC |
| 082 ## - DDC Classification | |
| DDC Edition Number | 22 |
| 245 10 - TITLE STATEMENT | |
| Title | Body and sexuality : |
| Remainder of title | theological-pastoral perspectives of women in Asia / |
| Statement of responsibility, etc. | Agnes M. Brazal, Andrea Lizares Si, editors. |
| 250 ## - EDITION STATEMENT | |
| Edition statement | 1st. |
| 260 ## - PUBLICATION, DISTRIBUTION, ETC. | |
| Place of publication, distribution, etc. | Quezon City : |
| Name of publisher, distributor, etc. | Ateneo de Manila University Press, |
| Date of publication, distribution, etc. | 2007. |
| 300 ## - PHYSICAL DESCRIPTION | |
| Extent (e.g. Volumes, Pages etc.) | xiii, 301 p. |
| 490 0# - SERIES STATEMENT | |
| Series statement | Theology and religious studies series |
| 650 #0 - SUBJECT ADDED ENTRY--TOPICAL TERM | |
| Topical term or geographic name entry element | Human body |
| 650 #0 - SUBJECT ADDED ENTRY--TOPICAL TERM | |
| Topical term or geographic name entry element | Women |
| 700 1# - ADDED ENTRY--PERSONAL NAME | |
| Personal name | Brazal, Agnes M. |
| Relator term (Role) | Editor |
| 700 1# - ADDED ENTRY--PERSONAL NAME | |
| Personal name | Si, Andrea Lizares. |
| Relator term (Role) | Editor |
| 942 ## - Koha item type (Biblio) | |
| Koha item type | Books in Stacks (Lending) |
| Lost status | Damaged status | Collection code | Home library | Current library | Shelving location | Source of acquisition | Date acquired | Full call number | Accession Number | Item type |
|---|---|---|---|---|---|---|---|---|---|---|
| Lending | WERC Library | WERC Library | Religion Cupboard | Donation | 11/14/2023 | 261.835 BOD | 5765 | Books in Stacks (Lending) |
